Aplicación del método comparativo de mercado a la valuación inmobiliaria

Gardado en:
Detalles Bibliográficos
Autor Principal: Jiménez Elizondo, Joseph
Formato: Libro
Publicado: [San José, Costa Rica] 2008
Materias:
Etiquetas: Engadir etiqueta
Sen Etiquetas, Sexa o primeiro en etiquetar este rexistro!

MARC

LEADER 00000nam a2200000Ia 4500
003 001076
005 20221231144101.0
008 140114s2008 cr a 000 ||s d
040 |c cru CEDI  
090 |a TFG 5601 
100 |a Jiménez Elizondo, Joseph  |9 4465 
245 |a  Aplicación del método comparativo de mercado a la valuación inmobiliaria 
260 |c 2008  |b [San José, Costa Rica] 
300 |a 117 páginas; ilustraciones 
500 |a Proyecto de graduación (licenciatura en ingeniería civil)--Universidad de Costa Rica. Facultad de Ingeniería. Escuela de Ingeniería Civil 
650 |x VALORACION DE BIENES RAICE  |x ESTUDIO DE CASOS  |x  COSTA RICA   |x  BIENES RAICES  |9 4466 
942 |c TFG 
999 |c 16660  |d 16660